| 000 | 00660nam a2200181 4500 | ||
|---|---|---|---|
| 001 | 113623 | ||
| 003 | ES-MaACL | ||
| 005 | 20230906185948.0 | ||
| 007 | t| | ||
| 008 | 061121s1943 sp r ||||1| spa d | ||
| 100 | 1 |
_aPalau Claveras, Agustín. _988494 |
|
| 245 | 1 | 0 |
_aEnsayo de Bibliografía Marítima Española / _credactado bajo la dirección de Agustín Palau Claveras y Eduardo Ponce de León. |
| 260 |
_aBarcelona : _bDiputación Provincial, _c1943. |
||
| 300 |
_aCIII, 61 p., lám. ; _c35 cm. |
||
| 700 | 1 |
_aPonce de León, Eduardo. _992946 |
|
| 710 | 2 |
_aBarcelona (Provincia). _bDiputación Provincial. _92148 |
|
| 852 |
_aES-MaACL _jF-15888 _bR.20628 |
||
| 999 |
_c113623 _d113623 |
||